Players to Score 50+ League Goals in the 2010s - Statistics

General Stats
  • This quiz has been taken 249 times
    225 since last reset
  • The average score is 100 of 177
Answer Stats
# G Club(s) Country Player % Correct
2 335 Real Madrid & Juventus Cristiano Ronaldo
100%
1 369 FC Barcelona Lionel Messi
100%
5 210 Liverpool & FC Barcelona Luis Suárez
99%
8 183 Lille OSC, AS Monaco, AS Saint-Étienne, Borussia Dortmund & Arsenal Pierre-Emerick Aubameyang
99%
4 221 Borussia Dortmund & Bayern Munich Robert Lewandowski
99%
6 199 Atlético Madrid & Manchester City Sergio Agüero
99%
3 223 Palermo, SSC Napoli & Paris Saint-Germain Edinson Cavani
98%
10 155 Real Madrid Karim Benzema
98%
12 141 Real Sociedad, Atlético Madrid & FC Barcelona Antoine Griezmann
97%
11 144 VfL Wolfsburg, Manchester City & AS Roma Edin Džeko
97%
13 136 Tottenham Hotspur Harry Kane
97%
16 125 West Bromwich Albion, Everton, Manchester United & Inter Milan Romelu Lukaku
97%
9 177 FC Barcelona, AC Milan, Paris Saint-Germain & Manchester United Zlatan Ibrahimović
97%
7 191 Real Madrid, SSC Napoli, Juventus, AC Milan & Chelsea Gonzalo Higuaín
96%
22 120 Udinese, FC Barcelona, Arsenal, Manchester United & Inter Milan Alexis Sánchez
95%
173 50 Hoffenheim 1899, West Ham United, Newcastle United & Chelsea Demba Ba
94%
25 116 Lille OSC, Chelsea & Real Madrid Eden Hazard
93%
20 121 Tottenham Hotspur & Real Madrid Gareth Bale
93%
34 100 Chelsea, ACF Fiorentina, AS Roma & Liverpool Mohamed Salah
93%
18 122 Atlético Madrid, AS Monaco, Manchester United & Chelsea Radamel Falcao
93%
14 132 Olympique Lyonnais & Arsenal Alexandre Lacazette
92%
31 110 FC Barcelona & Paris Saint-Germain Neymar
92%
18 122 Borussia Mönchengladbach & Borussia Dortmund Marco Reus
91%
26 114 Manchester United & Everton Wayne Rooney
91%
49 88 Hamburger SV, Bayer 04 Leverkusen & Tottenham Hotspur Heung-min Son
90%
41 95 Bayern Munich Arjen Robben
89%
20 121 Genoa, Torino FC, Borussia Dortmund, Sevilla & SS Lazio Ciro Immobile
89%
35 98 Arsenal & Manchester United Robin van Persie
89%
65 77 Southampton & Liverpool Sadio Mané
89%
33 107 Bayern Munich Thomas Müller
89%
15 130 UC Sampdoria, Inter Milan & Paris Saint-Germain Mauro Icardi
88%
45 92 Hoffenheim 1899 & Liverpool Roberto Firmino
88%
37 97 Leicester City Jamie Vardy
87%
38 96 WfL Wolfsburg, Bayern Munich, Atlético Madrid & Juventus Mario Mandzukić
86%
35 98 Inter Milan, Manchester City, AC Milan, Liverpool, OGC Nice, Olympique Marseille & Brescia Mario Balotelli
85%
30 111 Montpellier HSC, Arsenal & Chelsea Olivier Giroud
85%
65 77 Liverpool & Manchester City Raheem Sterling
85%
26 114 Real Valladolid, Atlético Madrid, Rayo Vallecano & Chelsea Diego Costa
84%
29 112 Bayern Munich, AFC Fiorentina, VfL Wolfsburg & VfB Stuttgart Mario Gómez
84%
120 60 Calcio Catania & Atalanta Papu Gómez
82%
49 88 Manchester City & Juventus Carlos Tévez
81%
110 63 Liverpool, Chelsea, AC Milan & Atlético Madrid Fernando Torres
81%
83 70 Real Madrid, Manchester United & Paris Saint-Germain Ángel Di María
80%
49 88 SSC Napoli Dries Mertens
80%
93 67 Bayern Munich & ACF Fiorentina Franck Ribéry
80%
48 89 Manchester United, Real Madrid, Bayer 04 Leverkusen, West Ham United & Sevilla Javier Hernández
80%
74 73 AS Monaco & Paris Saint-Germain Kylian Mbappé
80%
57 83 Barcelona & Chelsea Pedro
80%
120 60 FC Barcelona & Manchester City Yaya Touré
79%
16 125 Udinese Antonio Di Natale
78%
38 96 Celta Vigo & Sevilla Iago Aspas
78%
148 53 VfL Wolfsburg & Manchester City Kevin De Bruyne
78%
87 69 Real Madrid, Juventus, Chelsea & Atlético Madrid Álvaro Morata
77%
154 52 AS Monaco, Real Madrid & Bayern Munich James Rodríguez
77%
63 78 Palermo & Juventus Paulo Dybala
76%
60 81 VfB Stuttgart & RB Leipzig Timo Werner
76%
108 64 Valencia & Manchester City David Silva
75%
164 51 Leicester City & Manchester City Riyad Mahrez
75%
104 65 Manchester United, Fulham, AS Monaco Dimitar Berbatov
74%
38 96 Athletic Bilbao, Juventus, Sevilla, Swansea City, Tottenham Hotspur & SSC Napoli Fernando Llorente
74%
70 74 SSC Napoli Marek Hamsik
74%
127 58 Bayern Munich & SS Lazio Miroslav Klose
74%
137 55 Valencia, FC Barcelona & Atlético Madrid David Villa
73%
26 114 Toulouse, Sevilla & AS Monaco Wissam Ben Yedder
73%
104 65 Bayer 04 Leverkusen, Juventus, Bayern Munich & FC Barcelona Arturo Vidal
72%
108 64 Chelsea & Manchester City Frank Lampard
72%
53 87 AC Milan & Schalke 04 Klaas-Jan Huntelaar
72%
143 54 Werder Bremen, Real Madrid & Arsenal Mesut Özil
72%
148 53 Arsenal, FC Barcelona, Chelsea & AS Monaco Cesc Fàbregas
71%
61 80 AS Saint-Étienne, Lille OSC, Olympique Marseille & West Ham United Dimitri Payet
71%
110 63 AS Roma Francesco Totti
71%
164 51 Tottenham Hotspur Christian Eriksen
70%
42 94 Sevilla, Manchester City, Valencia & Middlesbrough Álvaro Negredo
68%
83 70 Aston Villa, Liverpool & Crystal Palace Christian Benteke
68%
87 69 Tottenham Hotspur, Sunderland AFC & AFC Bournemouth Jermain Defoe
68%
117 61 SSC Napoli Lorenzo Insigne
68%
154 52 Juventus & Manchester United Paul Pogba
68%
91 68 Inter Milan, RCD Espanyol, Liverpool, FC Barcelona & Bayern Munich Philippe Coutinho
68%
132 57 Borussia Dortmund & Bayern Munich Mario Götze
67%
70 74 Werder Bremen, Bayern Munich & 1. FC Köln Claudio Pizarro
66%
173 50 Manchester City, Real Madrid, Tottenham Hotspur & Crystal Palace Emmanuel Adebayor
66%
93 67 Borussia Dortmund, VfL Wolfsburg, Inter Milan & Bayern Munich Ivan Perisić
66%
154 52 AS Monaco & Manchester United Anthony Martial
65%
23 118 RCD Mallorca, Valencia & Athletic Bilbao Aritz Aduriz
65%
87 69 SSC Napoli, Udinese, UC Sampdoria & Atalanta Duván Zapata
64%
87 69 Hoffenheim 1899, Swansea City, Tottenham Hotspur & Everton Gylfi Sigurdsson
64%
137 55 Schalke 04, Sevilla & FC Barcelona Ivan Rakitić
64%
32 109 SSC Napoli, Juventus, Torino FC & UC Sampdoria Fabio Quagliarella
63%
42 94 Chelsea, Lille OSC & Hertha BSC Salomon Kalou
63%
132 57 Leicester City & Hoffenheim 1899 Andrej Kramarić
62%
110 63 Valencia, Chelsea & Manchester United Juan Mata
61%
154 52 1. FC Köln, Arsenal & Inter Milan Lukas Podolski
61%
70 74 SC Freiburg & Newcastle United Papiss Demba Cissé
61%
137 55 1. FC Nürnberg, Hamburger SV, 1. FSV Mainz 05, Schalke 04, Stoke City & Paris Saint-Germain Eric Maxim Choupo-Moting
59%
132 57 Werder Bremen, Stoke City & West Ham United Marko Arnautović
59%
154 52 Tottenham Hotspur & Stoke City Peter Crouch
58%
57 83 Getafe, Valencia, Tottenham Hotspur, Villarreal & Granada Roberto Soldado
58%
104 65 Olympique Marseille, Swansea City, West Ham United André Ayew
57%
76 72 Chelsea, Bolton Wanderers & Liverpool Daniel Sturridge
57%
164 51 Olympique Marseille, FC Sochaux-Montbéliard, FC Lorient, Aston Villa, Swansea City & Crystal Palace Jordan Ayew
57%
23 118 FC Lorient, Paris Saint-Germain, Sevilla, Atlético Madrid & Valencia Kévin Gameiro
57%
68 76 RCD Espanyol, Real Madrid & SSC Napoli José Callejón
56%
54 86 Sevilla, AC Milan & Villarreal Carlos Bacca
55%
164 51 VfB Stuttgart, 1. FSV Mainz 05 & Leicester City Shinji Okazaki
55%
120 60 ACF Fiorentina, Manchester City, Inter Milan, Sevilla & AS Monaco Stevan Jovetić
55%
154 52 Inter Milan Diego Milito
54%
98 66 1. FSV Mainz 05, Bayer 04 Leverkusen, Chelsea, VfL Wolfsburg, Borussia Dortmund & Fulham André Schürrle
53%
127 58 Lille OSC, Arsenal, AS Roma & Parma Gervinho
51%
173 50 Newcastle United, Liverpool & West Ham United Andy Carroll
50%
46 91 Olympique Lyonnais, Swansea City & Olympique Marseille Bafétimbi Gomis
50%
68 76 Palermo & Torino FC Andrea Belotti
49%
62 79 Palermo, ACF Fiorentina & Atalanta Josip Ilicić
49%
98 66 Getafe, Valencia, FC Barcelona & Borussia Dortmund Paco Alcácer
49%
47 90 Bayer 04 Leverkusen Stefan Kießling
49%
98 66 Arsenal & Everton Theo Walcott
49%
110 63 US Sassuolo Domenico Berardi
48%
120 60 Málaga, West Bromwich Albion & Newcastle United Salomón Rondon
48%
93 67 Lecce, Udinese, UC Sampdoria, Sevilla, ACF Fiorentina & Atalanta Luis Muriel
47%
173 50 Villarreal, Málaga & Arsenal Santi Cazorla
47%
49 88 FC Girondins de Bordeaux, Bastia, Hoffenheim 1899 & 1. FC Köln Anthony Modeste
43%
74 73 Arsenal, West Bromwich Albion & Real Sociedad Carlos Vela
43%
59 82 OGC Nice, Olympique Marseille, Queens Park Rangers, Newcastle United, Chelsea, UD Las Palmas, Getafe & Lille OSC Loïc Rémy
43%
127 58 Olympique Lyonnais & Real Betis Nabil Fekir
42%
93 67 AS Roma, Genoa, Juventus, ACF Fiorentina & Hellas Verona Luca Toni
41%
54 86 Levante, Racing Santander, RCD Espanyol, Middlesbrough & Girona Cristhian Stuani
39%
44 93 Hoffenheim 1899, VfB Stuttgart & Hertha BSC Vedad Ibisević
39%
154 52 Granada, Celta Vigo, Manchester City & Sevilla Nolito
38%
148 53 OGC Nice, Borussia Mönchengladbach Alassane Plea
34%
126 59 Villarreal & RCD Espanyol Gerard Moreno
33%
56 85 Genoa, Inter Milan & Bologna Rodrigo Palacio
32%
63 78 Bastia & Olympique Marseille Florian Thauvin
30%
110 63 Toulouse & Olympique Marseille André-Pierre Gignac
28%
148 53 Manchester United, Blackburn Rovers, Hannover 96 & Stoke City Mame Diouf
28%
143 54 Las Palmas & Real Sociedad Willian José
27%
164 51 Olympique Lyonnais Lisandro López
26%
76 72 Atlético Madrid, Osasuna & Athletic Bilbao Raúl García
26%
148 53 Bastia, FC Girondins de Bordeaux, Sunderland AFC, Stade Rennais & AS Saint-Étienne Wahbi Khazri
26%
154 52 1. FSV Mainz 05, Schalke 04 & Hoffenheim 1899 Ádám Szalai
24%
143 54 Villarreal, ACF Fiorentina, Levante, Celta Vigo & Genoa Giuseppe Rossi
24%
76 72 Hoffenheim 1899 & Bayer 04 Leverkusen Kevin Volland
24%
110 63 Atalanta, Bologna, UC Sampdoria, SSC Napoli & Southampton Manolo Gabbiadini
24%
70 74 FC St. Pauli, SC Freiburg, Borussia Mönchengladbach, VfL Wolfsburg & Werder Bremen Max Kruse
22%
164 51 US Sassuolo, Juventus, Valencia & Torino FC Simone Zaza
22%
137 55 AC Milan & AS Roma Stephan El Shaarawy
21%
173 50 Burnley, Wolverhampton Wanderers & Sunderland AFC & Olympique Marseille Steven Fletcher
20%
91 68 ACF Fiorentina, Genoa, Bologna & Palermo Alberto Gilardino
19%
76 72 Cagliari, Juventus, AC Milan, ACF Fiorentina, Genoa, SS Lazio, US Sassuolo Alessandro Matri
19%
93 67 Eintracht Frankfurt Alexander Meier
18%
83 70 Hertha BSC, Schalke 04 & Borussia Mönchengladbach Raffael
18%
164 51 Málaga, Levante, RCD Espanyol & SS Lazio Felipe Caicedo
16%
143 54 AS Saint-Étienne, AFC Bournemouth & Toulouse Max Gradel
16%
132 57 Juventus, Parma, Cesena, SS Lazio & Inter Milan Antonio Candreva
15%
137 55 RCD Espanyol, AS Roma. Southampton, Juventus & Inter Milan Daniel Osvaldo
14%
127 58 Getafe & Valencia Dani Parejo
14%
80 71 Bayern Munich, Werder Bremen & SC Freiburg Nils Petersen
14%
98 66 UC Sampdoria, Inter Milan, AC Milan, Hellas Verona & Levante Giampaolo Pazzini
13%
117 61 AC Milan, AS Roma, Juventus, Genoa, Carpi, Atalanta, Cagliari & S.P.A.L. Marco Borriello
12%
117 61 Paris Saint-Germain, Stade Rennais, AS Saint-Étienne, EA Guingamp & FC Metz Mevlüt Erdinc
11%
154 52 AS Monaco, OGC Nice & Olympique Marseille Valère Germain
11%
120 60 Brescia, Cesena, UC Sampdoria & Inter Milan Éder
9%
83 70 Genoa, Robur Siena, AS Roma, AC Milan & Bologna Mattia Destro
9%
164 51 Arles-Avignon, Montpellier HSC, Newcastle United, Olympique Marseille & AS Saint-Étienne Rémy Cabella
9%
127 58 Chievo Verona Sergio Pellissier
9%
98 66 Chievo Verona, Udinese & ACF Fiorentina Cyril Théréau
8%
98 66 FC Girondins de Bordeaux, FC Metz & Benevento Cheick Diabaté
7%
80 71 Stade Rennais, Olympique Lyonnais, Hannover 96, EA Guingamp & FC Girondins de Bordeaux Jimmy Briand
7%
104 65 VfB Stuttgart, Hannover 96 & Werder Bremen Martin Harnik
7%
136 56 Genoa, Chievo Verona, Swansea City & S.P.A.L. Alberto Paloschi
6%
164 51 US Sassuolo, Genoa & Cagliari Leonardo Pavoletti
6%
80 71 Stade Brest, Lille OSC, AS Saint-Étienne, FC Metz & EA Guingamp Nolan Roux
6%
110 63 SSC Napoli, Udinese & Atalanta Germán Denis
5%
65 77 Real Betis Rubén Castro
5%
120 60 SM Caen & Granada Youssef El Arabi
5%
154 52 SM Caen & AS Saint-Étienne Romain Hamouma
4%
137 55 Real Sociedad Imanol Agirretxe
2%
148 53 Real Betis & Getafe Jorge Molina
2%
143 54 Celta Vigo, Málaga & SD Eibar Charles
1%
No matching quizzes found
Score Distribution
Percent of People with Each Score
Percentile by Number Answered
Your Score History
You have not taken this quiz since the last reset